000 00303nam a22001337a 4500
999 _c8767
_d8767
003 OSt
005 20191107115013.0
008 191107b ||||| |||| 00| 0 eng d
040 _cDDC
082 _a261.83
100 _aStott, John R. W.
245 _aNew issues facing Christians today
942 _2ddc
_cBK